00762nam a2200217 a 4500001001000000005001700010008004100027041000800068044000700076100003500083245005700118260003300175300001900208500010000227500000900327600007600336902000800412942001100420999001500431952009800446BRCA_588220190320205242.0170311s1747----gw-#######---#000-0dspa-# ager agw1 aTrenk, Fren Herrns von.91487910aLeben und Thaten, Des Beltberuhmten herrn Francisci. aFrandfurth und Leipzigc1747 a376 p.c17 cm. aContiene una inscripción al interior de la pasta principal; contiene una hoja casi despegada. aH12514aFrancisci.cBeltberuhmten Francisci.vBiografíazLeipzigy1747914880 aGFM 2lcccB c5571d5571 00104070aBRCAbBRCAd2011-03-16iH125l0o(H125)p6321r2019-03-22 00:00:00w2019-03-22yB